[Event "Cali Masificacion op U2050"]
[Site "Cali"]
[Date "2021.12.28"]
[Round "5"]
[White "Cortes Castro, Jhonny"]
[Black "Geurts, Harrie Tulio"]
[Result "0-1"]
[WhiteElo "2014"]
[BlackElo "1792"]
[PlyCount "94"]
[EventDate "2021.12.26"]
[EventType "swiss"]
[EventRounds "7"]
[EventCountry "COL"]
[SourceTitle "CBM 205 Extra"]
[Source "ChessBase"]
[SourceDate "2022.01.31"]
[SourceVersion "1"]
[SourceVersionDate "2022.01.31"]
[SourceQuality "1"]

1. e4 d5 2. e5 c5 3. f4 Nc6 4. Nf3 Bg4 5. Bb5 Qb6 6. c4 dxc4 7. Bxc4 e6 8. 0-0 Nge7 9. Nc3 Nf5 10. Qa4 Bxf3 11. Rxf3 Nfd4 12. Rg3 g6 13. d3 Be7 14. Rb1 0-0 15. Be3 Nf5 16. Rh3 Nxe3 17. Rxe3 Rad8 18. Qd1 Nd4 19. Qg4 h5 20. Qh3 Nf5 21. Rf3 Nd4 22. Rf2 Kg7 23. Ne4 Qb4 24. a3 Qa5 25. Kh1 b5 26. Ba2 Rd7 27. Rg1 Rh8 28. g4 hxg4 29. Qxg4 Rh4 30. Qg3 Nf5 31. Qf3 Qd8 32. Bb1 Qh8 33. Ng3 Nxg3+ 34. Rxg3 Rd4 35. Qb7 Qd8 36. Rgf3 a6 37. Qxa6 Qd5 38. b4 c4 39. Kg1 cxd3 40. Ba2 Qe4 41. Qxb5 d2 42. Bb3 Rg4+ 43. Rg3 d1Q+ 44. Bxd1 Rxd1+ 45. Rf1 Rxg3+ 46. hxg3 Qe3+ 47. Kg2 Rd2+ 0-1

[Event "Cali Masificacion op U2050"]
[Site "Cali"]
[Date "2021.12.27"]
[Round "3"]
[White "Geurts, Harrie Tulio"]
[Black "Borrero, Alexander"]
[Result "0-1"]
[WhiteElo "1792"]
[BlackElo "1977"]
[PlyCount "20"]
[EventDate "2021.12.26"]
[EventType "swiss"]
[EventRounds "7"]
[EventCountry "COL"]
[SourceTitle "CBM 205 Extra"]
[Source "ChessBase"]
[SourceDate "2022.01.31"]
[SourceVersion "1"]
[SourceVersionDate "2022.01.31"]
[SourceQuality "1"]

1. c4 g6 2. Nc3 Bg7 3. e3 c5 4. Nge2 Nc6 5. g3 h5 6. h4 d6 7. Bg2 Bf5 8. d3 Nf6 9. 0-0 0-0 10. Nf4 Rb8 0-1

[Event "Palmira op"]
[Site "Palmira"]
[Date "2018.09.23"]
[Round "7"]
[White "Finley Rosero, Karol Valentina"]
[Black "Geurts, Harrie Tulio"]
[Result "0-1"]
[WhiteElo "1500"]
[BlackElo "1786"]
[PlyCount "48"]
[EventDate "2018.09.20"]
[EventType "swiss"]
[EventRounds "7"]
[EventCountry "COL"]
[SourceTitle "CBM 187 Extra"]
[Source "ChessBase"]
[SourceDate "2018.11.04"]
[SourceVersion "1"]
[SourceVersionDate "2018.11.04"]
[SourceQuality "1"]

1. e4 d5 2. exd5 Qxd5 3. Nc3 Qd6 4. d4 c6 5. h3 Nf6 6. Nf3 Bf5 7. g4 Bg6 8. Bg2 e6 9. Qe2 Nbd7 10. Ne5 Qc7 11. Bf4 Bd6 12. 0-0-0 0-0-0 13. Bg3 Rhe8 14. Rhe1 Bxe5 15. dxe5 Nd5 16. Nxd5 cxd5 17. Bxd5 Nc5 18. Bg2 Nd3+ 19. Rxd3 Bxd3 20. Qd2 Be4 21. Qe2 Bxg2 22. f3 Bxh3 23. Rh1 Bxg4 24. fxg4 h6 0-1

[Event "Palmira op"]
[Site "Palmira"]
[Date "2018.09.21"]
[Round "2"]
[White "Geurts, Harrie Tulio"]
[Black "Quinonez Garcia, Santiago"]
[Result "0-1"]
[WhiteElo "1786"]
[BlackElo "2218"]
[PlyCount "86"]
[EventDate "2018.09.20"]
[EventType "swiss"]
[EventRounds "7"]
[EventCountry "COL"]
[SourceTitle "CBM 187 Extra"]
[Source "ChessBase"]
[SourceDate "2018.11.04"]
[SourceVersion "1"]
[SourceVersionDate "2018.11.04"]
[SourceQuality "1"]

1. b3 d5 2. Bb2 c5 3. g3 Bg4 4. Bg2 Nc6 5. Nf3 d4 6. 0-0 e5 7. d3 Qd7 8. c3 Bh3 9. Nbd2 Bxg2 10. Kxg2 Nf6 11. Rc1 Be7 12. Re1 0-0 13. a3 Rfe8 14. h3 Rad8 15. a4 a6 16. Kh2 Bf8 17. Qc2 Nd5 18. Nc4 b5 19. axb5 axb5 20. Ncd2 Re6 21. cxd4 cxd4 22. Ne4 Rh6 23. h4 Bb4 24. Rh1 f5 25. Neg5 Rf6 26. Ra1 h6 27. Nh3 Bc3 28. Rhg1 Re8 29. Ne1 e4 30. Ng2 exd3 31. exd3 Ncb4 32. Qb1 Re2 33. Ra8+ Kh7 34. Bc1 Qb7 35. Rd8 Ra6 36. Bf4 Raa2 37. Qd1 Nf6 38. Rf1 Ng4+ 39. Kg1 Qf3 40. Ne1 Bxe1 41. Rxe1 Nxd3 42. Rf1 Ngxf2 43. Nxf2 Nxf2 0-1

[Event "Cali Region-ch"]
[Site "Cali"]
[Date "2017.05.01"]
[Round "7"]
[White "Geurts, Harrie Tulio"]
[Black "Buitrago, Juan Carlos"]
[Result "0-1"]
[WhiteElo "1783"]
[BlackElo "2085"]
[PlyCount "84"]
[EventDate "2017.04.28"]
[EventType "swiss"]
[EventRounds "7"]
[EventCountry "COL"]
[SourceTitle "CBM 178 Extra"]
[Source "ChessBase"]
[SourceDate "2017.06.22"]
[SourceVersion "1"]
[SourceVersionDate "2017.06.22"]
[SourceQuality "1"]

1. e4 e5 2. Nf3 Nc6 3. d4 exd4 4. Nxd4 Nf6 5. Nxc6 bxc6 6. Bd3 d5 7. exd5 cxd5 8. 0-0 Bd6 9. h3 0-0 10. Bg5 Rb8 11. Qc1 c6 12. Nc3 Re8 13. Rb1 h6 14. Bf4 Qc7 15. Bxd6 Qxd6 16. Re1 Bd7 17. Qd2 Rxe1+ 18. Qxe1 Re8 19. Qd2 Qb4 20. Ne4 Rxe4 21. c3 Qe7 22. Bxe4 Nxe4 23. Qe3 Qc5 24. Qxc5 Nxc5 25. Rd1 Be6 26. Rd4 Kf8 27. Rb4 Ke7 28. Rb8 Kd6 29. Ra8 a6 30. b4 Ne4 31. Rxa6 Nxc3 32. Kf1 d4 33. Ke1 Nxa2 34. b5 Nb4 35. Ra4 c5 36. Kd2 Bd7 37. Ra7 Bxb5 38. Rxf7 c4 39. Rxg7 c3+ 40. Kc1 d3 41. Rb7 d2+ 42. Kd1 Ba4+ 0-1

[Event "Cali Region-ch"]
[Site "Cali"]
[Date "2017.04.29"]
[Round "2"]
[White "Renteria, Rolando"]
[Black "Geurts, Harrie Tulio"]
[Result "1-0"]
[WhiteElo "2106"]
[BlackElo "1783"]
[PlyCount "45"]
[EventDate "2017.04.28"]
[EventType "swiss"]
[EventRounds "7"]
[EventCountry "COL"]
[SourceTitle "CBM 178 Extra"]
[Source "ChessBase"]
[SourceDate "2017.06.22"]
[SourceVersion "1"]
[SourceVersionDate "2017.06.22"]
[SourceQuality "1"]

1. e4 d5 2. exd5 Qxd5 3. Nc3 Qd6 4. d4 Nf6 5. g3 c6 6. Bf4 Qd8 7. Bg2 Bg4 8. Qd2 e6 9. h3 Bh5 10. g4 Bg6 11. Nf3 Ne4 12. Nxe4 Bxe4 13. 0-0 Bd6 14. Rfe1 Bxf4 15. Qxf4 Bxc2 16. d5 0-0 17. Nd4 Bg6 18. dxe6 fxe6 19. Nxe6 Rxf4 20. Nxd8 Rb4 21. Re7 Rxb2 22. Rae1 h6 23. Ne6 1-0

[Event "Medellin Flores op 20th"]
[Site "Medellin"]
[Date "2014.08.09"]
[Round "6"]
[White "Zabala, Fidel"]
[Black "Geurts, Harrie Tulio"]
[Result "1-0"]
[WhiteElo "2000"]
[BlackElo "1785"]
[PlyCount "105"]
[EventDate "2014.08.06"]
[EventType "swiss"]
[EventRounds "9"]
[EventCountry "COL"]
[SourceTitle "CBM 162 Extra"]
[Source "ChessBase"]
[SourceDate "2014.10.17"]
[SourceVersion "1"]
[SourceVersionDate "2014.10.17"]
[SourceQuality "1"]

1. e4 c5 2. Nf3 Nc6 3. d3 e5 4. g3 d6 5. Bg2 Be7 6. 0-0 Nf6 7. Re1 0-0 8. h3 Ne8 9. Nbd2 f5 10. exf5 Bxf5 11. Nf1 Nc7 12. c3 Bf6 13. g4 Be6 14. Ng3 Qd7 15. Be3 Nd5 16. Ne4 Be7 17. Nfg5 Nf4 18. Bxf4 Rxf4 19. Nxe6 Qxe6 20. Qd2 Raf8 21. Re2 Bh4 22. Ng3 g6 23. Qc2 Kg7 24. Qb3 Qxb3 25. axb3 Bxg3 26. fxg3 R4f7 27. Bd5 Rd7 28. Ra4 Ne7 29. Bg2 Nc6 30. Re1 a6 31. Rae4 Rdf7 32. R4e2 Rc8 33. Bd5 Rfc7 34. Rf2 Rf8 35. Rxf8 Kxf8 36. Rf1+ Kg7 37. g5 Nd8 38. Rf6 Rd7 39. h4 a5 40. Kg2 Nc6 41. Kf3 Nd8 42. Ke4 Nc6 43. g4 Nd8 44. h5 gxh5 45. gxh5 h6 46. Rg6+ Kh7 47. Rxh6+ Kg7 48. Rf6 b5 49. Kf5 a4 50. bxa4 bxa4 51. g6 Kh6 52. Rf8 a3 53. Rh8+ 1-0

[Event "Medellin Flores op 20th"]
[Site "Medellin"]
[Date "2014.08.07"]
[Round "3"]
[White "Martinez, Jorge Alexander"]
[Black "Geurts, Harrie Tulio"]
[Result "1-0"]
[WhiteElo "2178"]
[BlackElo "1785"]
[PlyCount "79"]
[EventDate "2014.08.06"]
[EventType "swiss"]
[EventRounds "9"]
[EventCountry "COL"]
[SourceTitle "CBM 162 Extra"]
[Source "ChessBase"]
[SourceDate "2014.10.17"]
[SourceVersion "1"]
[SourceVersionDate "2014.10.17"]
[SourceQuality "1"]

1. e4 c5 2. b4 cxb4 3. a3 d5 4. e5 e6 5. axb4 Bxb4 6. c3 Bf8 7. d4 Nc6 8. Bd3 g6 9. Nf3 Bh6 10. Na3 Bd7 11. Bxh6 Nxh6 12. Nb5 0-0 13. h4 f5 14. Nd6 Nf7 15. Nxb7 Qc7 16. Nc5 Ncxe5 17. h5 Nxf3+ 18. Qxf3 g5 19. h6 g4 20. Qe3 e5 21. Kf1 e4 22. Ba6 f4 23. Qc1 Nd6 24. Rh5 e3 25. Rxd5 Rae8 26. Bd3 Bf5 27. Qc2 Bxd3+ 28. Qxd3 Qe7 29. Rh5 exf2 30. Re5 Qh4 31. Rxa7 Qh1+ 32. Kxf2 g3+ 33. Kf3 Nf5 34. Rxf5 Rxf5 35. Qxf5 Qd1+ 36. Kxf4 Qd2+ 37. Kxg3 Re3+ 38. Kh2 Rh3+ 39. Qxh3 Qf4+ 40. Qg3+ 1-0

[Event "Medellin IRT op"]
[Site "Medellin"]
[Date "2012.08.04"]
[Round "2"]
[White "Geurts, Harrie Tulio"]
[Black "Laverde, Luis Eduardo"]
[Result "1-0"]
[WhiteElo "1755"]
[BlackElo "2118"]
[PlyCount "63"]
[EventDate "2012.08.03"]
[EventType "swiss"]
[EventRounds "9"]
[EventCountry "COL"]
[SourceTitle "CBM 149 Extra"]
[Source "ChessBase"]
[SourceDate "2012.08.24"]
[SourceVersion "1"]
[SourceVersionDate "2012.08.24"]
[SourceQuality "1"]

1. e4 d5 2. exd5 Qxd5 3. Nc3 Qa5 4. Nf3 Nf6 5. Be2 g6 6. 0-0 Bg7 7. d3 c6 8. Bd2 Qc7 9. h3 0-0 10. Qc1 Re8 11. d4 b5 12. a3 a6 13. Bd3 Bb7 14. Ne2 c5 15. Bf4 Qc8 16. dxc5 Bxf3 17. gxf3 Qxh3 18. Ng3 Nc6 19. c3 Rad8 20. Be2 Rd5 21. b4 Nh5 22. Rd1 Nxg3 23. fxg3 Rh5 24. g4 Rh4 25. Kf2 Nd4 26. Bg3 Nb3 27. Qb2 Nxa1 28. Qxa1 Bh6 29. Bf1 Qh1 30. Bg2 Be3+ 31. Kxe3 Qxg2 32. Bxh4 1-0

[Event "Medellin Cuartas Memorial"]
[Site "Medellin"]
[Date "2011.08.06"]
[Round "6"]
[White "Rendon, Daniel"]
[Black "Geurts, Harrie Tulio"]
[Result "1-0"]
[WhiteElo "2088"]
[BlackElo "1714"]
[PlyCount "41"]
[EventDate "2011.08.03"]
[EventType "swiss"]
[EventRounds "8"]
[EventCountry "COL"]
[SourceTitle "CBM 144 Extra"]
[Source "ChessBase"]
[SourceDate "2011.10.28"]
[SourceVersion "1"]
[SourceVersionDate "2011.10.28"]
[SourceQuality "1"]

1. e4 g6 2. d4 d6 3. Nc3 Bg7 4. Be3 Nf6 5. h3 0-0 6. Nge2 Nbd7 7. g3 e5 8. Bg2 c6 9. 0-0 Qc7 10. a4 b6 11. f4 c5 12. dxe5 dxe5 13. fxe5 Nxe5 14. Bg5 Nh5 15. Nd5 Qd7 16. g4 Nxg4 17. hxg4 Qxg4 18. Be7 Re8 19. Nef4 Bd4+ 20. Qxd4 cxd4 21. Nxh5 1-0

[Event "Colombia Mire Lea Florida Cup"]
[Site "Colombia"]
[Date "2010.10.16"]
[Round "2.8"]
[White "Geurts, Harrie Tulio"]
[Black "Bonilla, Julio Cesar"]
[Result "1-0"]
[WhiteElo "1580"]
[BlackElo "1600"]
[PlyCount "111"]
[EventDate "2010.10.16"]
[EventType "swiss"]
[EventRounds "7"]
[EventCountry "COL"]
[SourceTitle "EXT 2024"]
[Source "ChessBase"]
[SourceDate "2023.10.10"]
[SourceVersion "1"]
[SourceVersionDate "2023.10.10"]
[SourceQuality "1"]

1. e4 e5 2. Nf3 Nc6 3. d4 exd4 4. Nxd4 Bc5 5. Be3 Nxd4 6. Bxd4 Bxd4 7. Qxd4 Qf6 8. e5 Qg5 9. Nd2 Ne7 10. Nf3 Qh6 11. Bd3 0-0 12. 0-0 d6 13. exd6 cxd6 14. Rad1 Bd7 15. Be4 Nc6 16. Qxd6 Qxd6 17. Rxd6 Be8 18. c3 Rc8 19. Rfd1 Rc7 20. Bxc6 Bxc6 21. Ne5 Bb5 22. Rd8 g6 23. Rxf8+ Kxf8 24. Rd5 Be8 25. f4 f6 26. Ng4 Bc6 27. Rd6 f5 28. Ne5 Be8 29. Kf2 Ke7 30. Rd2 h6 31. g3 g5 32. Rd4 Ke6 33. Nf3 Rg7 34. fxg5 hxg5 35. Rb4 b6 36. Rd4 Bc6 37. Rd8 Be4 38. Nd4+ Ke7 39. Rh8 f4 40. Rh6 fxg3+ 41. Kxg3 Bb1 42. a3 Kd7 43. Kg4 Bd3 44. Rh5 Re7 45. Rxg5 Re4+ 46. Kg3 Re3+ 47. Kf2 Rh3 48. Kg2 Rh7 49. h3 a6 50. Kg3 a5 51. h4 Ke7 52. Nc6+ Kf6 53. Nd4 Re7 54. Kf3 Be4+ 55. Kf4 Bd3 56. Kf3 1-0

[Event "Cali op-C 11th"]
[Site "Cali"]
[Date "2009.12.29"]
[Round "6.18"]
[White "Londono, Geovanny"]
[Black "Geurts, Harrie Tulio"]
[Result "0-1"]
[WhiteElo "1643"]
[BlackElo "1600"]
[PlyCount "102"]
[EventDate "2009.12.26"]
[EventType "swiss"]
[EventRounds "8"]
[EventCountry "COL"]
[SourceTitle "EXT 2024"]
[Source "ChessBase"]
[SourceDate "2023.10.10"]
[SourceVersion "1"]
[SourceVersionDate "2023.10.10"]
[SourceQuality "1"]

1. d4 d5 2. Nf3 Bf5 3. e3 e6 4. c4 c6 5. Nc3 Bd6 6. cxd5 exd5 7. Bd3 Bxd3 8. Qxd3 Nf6 9. 0-0 0-0 10. Bd2 Nbd7 11. Rab1 Re8 12. b4 a6 13. a4 Ne4 14. b5 axb5 15. axb5 Ndf6 16. bxc6 bxc6 17. Rb7 Rb8 18. Rfb1 Rxb7 19. Rxb7 h6 20. h3 Qa8 21. Nxe4 Nxe4 22. Qb1 Qa4 23. g3 Re6 24. Bb4 Rf6 25. Kg2 Rxf3 26. Kxf3 Bxb4 27. Rb8+ Bf8 28. Qb6 Qd1+ 29. Kg2 Qe2 30. Qb2 Nd2 31. Qc1 Qf3+ 32. Kg1 Ne4 33. Qe1 g6 34. Rc8 Kg7 35. Rxc6 Bd6 36. Kh2 Bb4 37. Qf1 Nxf2 38. Kg1 Qxg3+ 39. Qg2 Nxh3+ 40. Kh1 Qh4 41. Qf1 Nf4+ 42. Kg1 Qg3+ 43. Kh1 Qh4+ 44. Kg1 Nh3+ 45. Kg2 Qg4+ 46. Kh2 Ng5 47. Qf6+ Kh7 48. Kh1 Qh3+ 49. Kg1 Nf3+ 50. Kf2 Be1+ 51. Ke2 Qg2+ 0-1

[Event "Cali op-C 11th"]
[Site "Cali"]
[Date "2009.12.27"]
[Round "3.29"]
[White "Arango, Marco Aurelio"]
[Black "Geurts, Harrie Tulio"]
[Result "0-1"]
[WhiteElo "1604"]
[BlackElo "1600"]
[PlyCount "82"]
[EventDate "2009.12.26"]
[EventType "swiss"]
[EventRounds "8"]
[EventCountry "COL"]
[SourceTitle "EXT 2024"]
[Source "ChessBase"]
[SourceDate "2023.10.10"]
[SourceVersion "1"]
[SourceVersionDate "2023.10.10"]
[SourceQuality "1"]

1. Nf3 d5 2. d4 Bf5 3. c4 c6 4. Nc3 e6 5. cxd5 exd5 6. g3 Be7 7. Bg2 Nf6 8. 0-0 0-0 9. Bf4 Nbd7 10. Rc1 Ne4 11. Qb3 Qb6 12. Qxb6 axb6 13. a3 Nxc3 14. Rxc3 Nf6 15. Nd2 Ne4 16. Nxe4 Bxe4 17. f3 Bg6 18. e4 dxe4 19. fxe4 f6 20. Re1 b5 21. b4 Rfd8 22. d5 Be8 23. h3 Bd6 24. Kh2 g5 25. Bxd6 Rxd6 26. Rce3 Bf7 27. dxc6 bxc6 28. Rc1 Re8 29. g4 Bc4 30. Kg3 Re5 31. a4 Rd2 32. Ra1 bxa4 33. Rxa4 Rb2 34. Ra7 Rxb4 35. Rc7 Re6 36. Bf3 Rb3 37. Re1 Ra3 38. Kf2 Rd6 39. e5 Rd2+ 40. Kg1 Rxf3 41. e6 Rg3+ 0-1

[Event "Manizales op 20th"]
[Site "Manizales"]
[Date "2008.01.11"]
[Round "2"]
[White "Geurts, Harrie Tulio"]
[Black "Zuluaga Alzate, Gustavo"]
[Result "1/2-1/2"]
[WhiteElo "1600"]
[BlackElo "1620"]
[PlyCount "59"]
[EventDate "2008.01.10"]
[EventType "swiss"]
[EventRounds "7"]
[EventCountry "COL"]
[SourceTitle "EXT 2010"]
[Source "ChessBase"]
[SourceDate "2010.11.25"]
[SourceVersion "1"]
[SourceVersionDate "2010.11.25"]
[SourceQuality "1"]

1. e4 e5 2. Nf3 Nc6 3. Nc3 Nf6 4. d4 exd4 5. Nxd4 Nxd4 6. Qxd4 d6 7. e5 dxe5 8. Qxd8+ Kxd8 9. Bg5 c6 10. 0-0-0+ Kc7 11. Bc4 Ng4 12. Rdf1 f6 13. Bd2 h5 14. h3 Nh6 15. f4 Bd6 16. Ne4 Nf5 17. Rf3 Be7 18. fxe5 fxe5 19. Bc3 Bf6 20. Rd1 Rd8 21. Bd3 Nd4 22. Bxd4 exd4 23. Nxf6 gxf6 24. Rxf6 c5 25. Rh6 Rg8 26. Rg1 Bxh3 27. Be4 Bd7 28. Rxh5 Kb6 29. b3 Rg7 30. a4 1/2-1/2